000 00567nam a2200241Ia 4500
005 20260320201030.0
008 008 262003s9999 xx 000 0 eng d
037 _aEBOOK
040 _aCRL
040 _beng
040 _cCRL
041 _2eng
041 _aeng
084 _qCRL
100 _aStumpf
_9920545
245 0 _aElectromagnetic Reciprocity in Antenna Theory
260 _bIEEE
260 _c2018
856 _uhttps://ieeexplore.ieee.org/servlet/opac?bknumber=8233627
942 _cEBOOK
999 _c1718398
_d1718398